000 00931nas a2200313 4500
001 BR0400388
003 BR-BrBNA
005 20231205104321.0
007 ta
008 230509b bl.|||p| |||| 00| 00por d
040 _aBR-BrBNA
_bpor
_cBiblioteca Nacional de Agricultura
041 _a(Pt)
072 _aT10
100 1 _aVitória, E.L.
100 1 _aFernandes, H.C.
245 1 _aComparação dos níveis de ruído emitidos por tratores em operações de preparo periódico do solo
650 _aTRATOR
650 _aRUÍDO
650 _aIMPLEMENTO AGRÍCOLA
650 _aPREVENÇÃO DE ACIDENTE
650 _aARADO DE DISCO
650 _aARADO DE AIVECA
650 _aGRADAGEM
650 _aSUBSOLAGEM
650 _aSOLO
773 0 _tEngenharia na Agricultura (Brazil)
_xISSN 1414-3984
_g(Oct-Dec 2001), v. 9(4) p. 215-225
_wBR0400388
909 _a202311
_bLúcia
_c55
_dLúcia Elande
942 _2AGRIS
_n0
_cANA
999 _c177522
_d177522